Visualizzazione normale
Vista MARC
- Adelmo e i suoi Sorapis
di Personal Name
Records bibliografici associati: 1
001 - CONTROL NUMBER
- control field: 29634
003 - CONTROL NUMBER IDENTIFIER
- control field: IT-RoPau
005 - DATE AND TIME OF LATEST TRANSACTION
- control field: 20140614213010.0
008 - FIXED-LENGTH DATA ELEMENTS
- fixed length control field: 140614|| aca||aabn | a|a d
040 ## - CATALOGING SOURCE
- Original cataloging agency: IT-RoPau
- Transcribing agency: IT-RoPau
100 ## - HEADING--PERSONAL NAME
- Personal name: Adelmo e i suoi Sorapis
- Relator term: Autore testo e musica
- Miscellaneous information: Codice autore testo/musica SPICS: 11770
670 ## - SOURCE DATA FOUND
- Source citation: Work cat.: (IT-RoPau)101169: Adelmo e i suoi Sorapis 29631, Walzer d'un blues